| Tag |
First Indicator |
Second Indicator |
Subfields |
| LEADER |
00000cam a2200000Mi 4500 |
| 001 |
in00003566921 |
| 006 |
m o d |
| 007 |
cr mnu---uuaaa |
| 008 |
121227s1987 gw a o 000 0 eng |
| 005 |
20260421172555.1 |
| 020 |
|
|
|a 9783642970146 (electronic bk.)
|
| 020 |
|
|
|a 3642970141 (electronic bk.)
|
| 020 |
|
|
|z 9783540177029
|
| 020 |
|
|
|z 3540177027
|
| 020 |
|
|
|z 3642970141
|
| 035 |
|
|
|a (OCoLC)851386146
|
| 040 |
|
|
|a AU@
|b eng
|e pn
|c AU@
|d GW5XE
|d OCLCQ
|d OCLCF
|d UtOrBLW
|
| 049 |
|
|
|a TXAM
|
| 050 |
|
4 |
|a QC173.96-174.52
|
| 072 |
|
7 |
|a PHQ
|2 bicssc
|
| 072 |
|
7 |
|a SCI057000
|2 bisacsh
|
| 082 |
0 |
4 |
|a 530.12
|2 23
|
| 100 |
1 |
|
|a Haken, H.
|
| 245 |
1 |
0 |
|a Atomic and Quantum Physics :
|b an Introduction to the Fundamentals of Experiment and Theory /
|c by Hermann Haken, Hans Christoph Wolf.
|
| 250 |
|
|
|a Second enlarged edition.
|
| 264 |
|
1 |
|a Berlin, Heidelberg :
|b Springer Berlin Heidelberg,
|c 1987.
|
| 300 |
|
|
|a 1 online resource (265 illustrations)
|
| 336 |
|
|
|a text
|b txt
|2 rdacontent
|
| 337 |
|
|
|a computer
|b c
|2 rdamedia
|
| 338 |
|
|
|a online resource
|b cr
|2 rdacarrier
|
| 505 |
0 |
|
|a Introduction -- The Mass and Size of the Atom -- Isotopes -- The Nucleus of the Atom -- The Photon -- The Electron -- Some Basic Properties of Matter Waves -- Bohr's Model of the Hydrogen Atom -- The Mathematical Framework of Quantum Theory -- Quantum Mechanics of the Hydrogen Atom -- Lifting of the Orbital Degeneracy in the Spectra of Alkali Atoms -- Orbital and Spin Magnetism. Fine Structure -- Atoms in a Magnetic Field: Experiments and their Semiclassical Description -- Atoms in a Magnetic Field: Quantum Mechanical Treatment -- Atoms in an Electric Field -- General Laws of Optical Transitions -- Many-Electron Atoms -- X-Ray Spectra, Internal Shells -- Structure of the Periodic System. Ground States of the Elements -- Nuclear Spin, Hyperfine Structure -- The Laser -- Modern Methods of Optical Spectroscopy -- Fundamentals of the Quantum Theory of Chemical Bonding -- Appendix -- Solutions to the Problems -- Bibliography -- Subject Index -- Fundamental Constants of Atomic Physics -- Energy Conversion Table.
|
| 520 |
|
|
|a Atomic physics and its underlying quantum theory are the point of departure for many modern areas of physics, astrophysics, chemistry, biology, and even electrical engineering. This textbook provides a careful and eminently readable introduction to the results and methods of empirical atomic physics. The student will acquire the tools of quantum physics and at the same time learn about the interplay between experiment and theory. A chapter on the quantum theory of the chemical bond provides the reader with an introduction to molecular physics. Plenty of problems are given to elucidate the material. The authors also discuss laser physics and nonlinear spectroscopy, incorporating latest experimental results and showing their relevance to basic research. Extra items in the second edition include solutions to the exercises, derivations of the relativistic Klein-Gordon and Dirac equations, a detailed theoretical derivation of the Lamb shift, a discussion of new developments in the spectroscopy of inner shells, and new applications of NMR spectroscopy, for instance tomography.
|
| 500 |
|
|
|a Electronic resource.
|
| 650 |
|
0 |
|a Physics.
|
| 650 |
|
0 |
|a Quantum theory.
|
| 650 |
|
7 |
|a Physics.
|2 fast
|0 (OCoLC)fst01063025
|
| 650 |
|
7 |
|a Quantum theory.
|2 fast
|0 (OCoLC)fst01085128
|
| 655 |
|
7 |
|a Electronic books.
|2 local
|
| 700 |
1 |
|
|a Wolf, Hans Christoph.
|
| 710 |
2 |
|
|a SpringerLink (Online service)
|
| 776 |
1 |
8 |
|i Print version:
|z 9783540177029
|
| 856 |
4 |
0 |
|u http://proxy.library.tamu.edu/login?url=https://link.springer.com/10.1007/978-3-642-97014-6
|z Connect to the full text of this electronic book
|t 0
|
| 994 |
|
|
|a 92
|b TXA
|
| 999 |
|
|
|a MARS
|
| 999 |
f |
f |
|s 525d4a06-f29c-38ac-a669-093685e348de
|i 6d3997df-01d9-3e1e-b6e4-e6b89282c3c6
|t 0
|
| 952 |
f |
f |
|a Texas A&M University
|b College Station
|c Electronic Resources
|s www_evans
|d Available Online
|t 0
|e QC173.96-174.52
|h Library of Congress classification
|
| 998 |
f |
f |
|a QC173.96-174.52
|t 0
|l Available Online
|